| 000 | 00603nam a2200217Ia 4500 | ||
|---|---|---|---|
| 005 | 20250508164408.0 | ||
| 008 | 008 250505s9999 xx 000 0 hin d | ||
| 037 | _aTextual | ||
| 040 |
_aFEDL _beng _cFEDL |
||
| 041 |
_ahin _2eng |
||
| 084 |
_a491.43, VER _qFEDL |
||
| 100 |
_aVerma Vimlesh Kanti Ed. _9411460 |
||
| 245 | 0 | _aBhasha sahitya aur sanskriti | |
| 260 |
_aHyderabad, India _bOrient Longman _c2007 |
||
| 300 | _aix, 420p | ||
| 365 |
_aINR _b180 |
||
| 650 | _aHindi language | ||
| 700 |
_a Malti Ed. _9778013 |
||
| 942 |
_cTEXL _h491.43, VER |
||
| 999 |
_c1388928 _d1388928 |
||